| 000 | 01163nam a22003377a 4500 | ||
|---|---|---|---|
| 001 | 1038195 | ||
| 003 | OSt | ||
| 005 | 20210219105219.0 | ||
| 008 | 890316s1989 nyuab b 000 0 eng | ||
| 010 | _a 89045425 | ||
| 020 | _a0847811204 | ||
| 040 |
_aDLC _cDLC _dDLC |
||
| 043 | _apogg--- | ||
| 050 | 0 | 0 |
_aF3741.G2 _bF37 1989 |
| 080 |
_a91 _bG-15 |
||
| 082 | 0 | 0 |
_a986.6/5 _220 |
| 100 | 1 |
_aFarb, Nathan, _d1941- |
|
| 245 | 1 | 0 |
_aGalápagos / _cphotographs by Nathan Farb ; introduction by Barry Lopez ; commentary by Michael H. Jackson. |
| 260 |
_aNew York : _bRizzoli, _cc1989. |
||
| 300 |
_a162 p. : _bcol. ill., map ; _c29 cm. |
||
| 504 | _aIncludes bibliographical references (p. 162). | ||
| 650 | 0 |
_aNatural history _zGalapagos Islands _xPictorial works. |
|
| 651 | 0 |
_aGalapagos Islands _xPictorial works. |
|
| 653 | _aგეოგრაფია | ||
| 700 | 1 |
_aLopez, Barry Holstun, _d1945- |
|
| 700 | 1 |
_aJackson, Michael H. _q(Michael Hume), _d1959- |
|
| 906 |
_a7 _bcbc _corignew _d1 _eocip _f19 _gy-gencatlg |
||
| 942 |
_2udc _cBK |
||
| 999 |
_c1597 _d1597 |
||